Chroniques politiques (Record no. 157015)

MARC details
000 -LEADER
campo de control de longitud fija 00755nam a2200205 i 4500
001 - NÚMERO DE CONTROL
campo de control 157015
003 - IDENTIFICADOR DE NÚMERO DE CONTROL
campo de control ES-MaACL
005 - FECHA Y HORA DE LA ÚLTIMA TRANSACCIÓN
campo de control 20250808073459.0
008 - DATOS DE LONGITUD FIJA--INFORMACIÓN GENERAL
campo de control de longitud fija 010510s1883 fr |||| | fre d
100 1# - ENTRADA PRINCIPAL--NOMBRE DE PERSONA
Nombre de persona Lanfrey, Pierre.
9 (RLIN) 69996
245 10 - MENCIÓN DEL TÍTULO
Título Chroniques politiques
Resto del título : 1860-1865 /
Mención de responsabilidad, etc. P. Lanfrey ; avec une préface par L. de Ronchaud.
260 ## - PUBLICACIÓN, DISTRIBUCIÓN, ETC.
Lugar de publicación, distribución, etc. Paris :
Nombre del editor, distribuidor, etc. G. Charpentier et Cie.,
Fecha de publicación, distribución, etc. 1883 (
Fabricante Imp. E. Capiomont et V. Renault)
300 ## - DESCRIPCIÓN FÍSICA
Extensión 2 v. ;
Dimensiones 18 cm.
490 1# - MENCIÓN DE SERIE
Mención de serie Oeuvres complètes de P. Lanfrey
651 #7 - PUNTO DE ACCESO ADICIONAL DE MATERIA--NOMBRE GEOGRÁFICO
Nombre geográfico Francia-
Subdivisión general Política y gobierno-
Subdivisión cronológica 1848-1870
Fuente del encabezamiento o término
9 (RLIN) 172896
700 1# - ENTRADA AGREGADA--NOMBRE PERSONAL
Nombre de persona Ronchaud, Louis de.
9 (RLIN) 99501
830 1# - PUNTO DE ACCESO ADICIONAL DE SERIE-TÍTULO UNIFORME
Título uniforme Oeuvres complètes de P. Lanfrey
9 (RLIN) 221747
852 ## - LOCALIZACIÓN
Ubicación ES-MaACL
Número de control de estantería F-9269-70
Nota libre - Enc. pasta
Holdings
Estatus retirado Estado de pérdida Estado de daño No para préstamo Colección Biblioteca de origen Biblioteca actual Ubicación en estantería Fecha de adquisición Total de préstamos Signatura topográfica completa Código de barras Visto por última vez Precio de reemplazo Tipo de ítem Koha
        Libros del s. XIX Biblioteca del Ateneo de Madrid Biblioteca del Ateneo de Madrid Sala Pecera Planta 2 17/01/2008   F-9269-70 1164282 23/02/2023 23/02/2023 Libro impreso antiguo